Państwa Europy położone najbardziej na południe - Statystyki

Ogólne statystyki
  • Ten quiz został rozwiązany 106 razy
  • Średni wynik to 13 z 15
Statystyki odpowiedzi
Miejsce Państwo % Poprawnych
Miejsce 2 Grecja
100%
Miejsce 1 Hiszpania
100%
Miejsce 6 Portugalia
99%
Miejsce 5 Włochy
98%
Miejsce 3 Malta
97%
Miejsce 7 Albania
94%
Miejsce 13 Czarnogóra
92%
Miejsce 8 Macedonia
92%
Miejsce 15 Chorwacja
90%
Miejsce 12 Serbia
90%
Miejsce 9 Bułgaria
88%
Miejsce 14 Francja
87%
Miejsce 10 Watykan
87%
Miejsce 11 Kosowo
82%
Miejsce 4 Wielka Brytania
46%
Nie znaleziono quizów pasujących do podanych kryteriów
Rozkład punktacji
Procent ludzi z każdym wynikiem
Percentyl według liczby udzielonych odpowiedzi
Twoja historia wyników
Nie rozwiązałeś tego quizu